000 00916nam a2200277 a 4500
001 62094
003 BD-RjUL
005 20211209081037.0
008 170122m1995 enka b 001 0 eng d
020 _a8185618690
035 _a(BD-RjUL)62219
040 _aBD-RjUL
_cBD-RjUL
_dBD-RjUL
_beng
041 _aeng
082 _a720.954
_223
_bASN 1995
100 1 _aAsher, Catherine B.
_9184725
245 0 4 _aArchitecture of Mughal India /
_cCatherine B Asher
260 _aCambridge ;
_bCambridge University Press,
_c1995
300 _axxxi, 368 p. :
_bill. ;
_c 25 cm.
490 _aNew Cambridge history of India ;
_vno. I, 4.
504 _aIncludes bibliographical references and index.
650 _aArchitecture, Mogul.
_9184726
650 _aIslamic architecture
_zIndia.
_9184727
651 0 _aIndia
_xHistory.
_9172810
830 _aNew Cambridge history of India,
_vno. I, 4.
_9184731
942 _2ddc
_cBK
999 _c62094
_d62094